LEADER 01115nam0-2200301---450- 001 990009184390403321 005 20100511100206.0 035 $a000918439 035 $aFED01000918439 035 $a(Aleph)000918439FED01 035 $a000918439 100 $a20100511d1985----km-y0itay50------ba 101 0 $aita 102 $aIT 105 $aa-------101yy 200 1 $a1. Convegno nazionale I sistemi informativi per l'uso sicuro dei pesticidi in agricoltura$eMantova, 24 aprile 1985 210 $a[S. l.]$c[s. n.]$d1985 215 $a77 p.$cill.$d30 cm 300 $aIn testa al frontespizio : Associazione dei Comuni virgiliani, Unita socio sanitaria locale n. 47 Mantova. 610 0 $aAntiparassitari 710 02$aConvegno nazionale I sistemi informativi per l'uso sicuro dei pesticidi in agricoltura$d1.$f<1985 ;$eMantova>$0507813 801 0$aIT$bUNINA$gRICA$2UNIMARC 901 $aBK 912 $a990009184390403321 952 $aIG 16 C 09$b504$fDMIGI 959 $aDMIGI 996 $a1. Convegno nazionale I sistemi informativi per l'uso sicuro dei pesticidi in agricoltura$9780029 997 $aUNINA LEADER 01147nam0-2200385li-450 001 990000158040203316 005 20180312154611.0 010 $a0-89006-547-0 035 $a0015804 035 $aUSA010015804 035 $a(ALEPH)000015804USA01 035 $a0015804 100 $a2001994091992-------y0itay0103----ba 101 0 $aeng 102 $aUS 200 1 $aIntroduction to glass integrated optics$fS. Iraj Najafi editor 210 $aBoston$cArtech House$dcopyr. 1992 610 1 $afibre di vetro 610 1 $afibre ottiche 610 1 $aottica integrata 676 $a621.369 3 702 1$aNajafi,$bS. Iraj 801 $aSistema bibliotecario di Ateneo dell' Università di Salerno$gRICA 912 $a990000158040203316 951 $a621.369 3 INT (A)$b0003211 951 $a621.369 3 INT (B)$b4800 Ing.$c621.369 3 959 $aBK 969 $aTEC 979 $c19940912 979 $c20001110$lUSA01$h1712 979 $c20020403$lUSA01$h1623 979 $aSIAV4$b10$c20031007$lUSA01$h1328 979 $aPATRY$b90$c20040406$lUSA01$h1611 996 $aIntroduction to glass integrated optics$91486890 997 $aUNISA LEADER 01321nam0M2200325--I450- 001 990001070990203316 005 20020418141140.0 035 $a000107099 035 $aUSA01000107099 035 $a(ALEPH)000107099USA01 035 $a000107099 100 $a20020418d--------km|y1itay0103----ba 101 0 $aita 102 $aIT 200 1 $a<>terremoto del 28 luglio 1883 a Casamicciola nell'isola d' Ischia$ela cronaca, il contesto fisico, storico e sociale, i soccorsi, la ricostruzione e le fonti documentarie del primo grande terremoto dopo l'unita d'Italia$fPresidenza del Consiglio dei ministri, Dipartimento per i servizi tecnici nazionali, Servizio sismico nazionale 210 $aRoma$dIstituto Poligra 215 $aXXXIII, 332 p., [1] c.$cill.$d30 cm. 606 $aTerremoti$yCasamicciola$z1883 676 $a551.220945 710 02$aITALIA$bServizio Sismico Nazionale$0553621 801 0$aIT$bICCU$c20020312 912 $a990001070990203316 958 $a551.220 945 ITA (A)$b161915/LM$c551$d00081211 958 $a551.220 945 ITA (B)$b161917/LM$c551$d00081210 959 $aBK 969 $aTEC 979 $aJOHNNY$b90$c20020418$lUSA01$h1411 979 $aPATRY$b90$c20040406$lUSA01$h1714 996 $aTerremoto del 28 luglio 1883 a Casamicciola nell'isola d' Ischia$9979559 997 $aUNISA